000 00343nam a2200145Ia 4500
008 191201s2019 xx 000 0 und d
082 _a546 COA
100 _aCOTTON, F Albert
245 0 _aAdvanced Inorganic Chemistry
250 _a6th
260 _aN.Delhi
_bJohn willey and Sons
300 _a1355
650 _aApplied
942 _2ddc
_cBK
999 _c1335
_d1335